[Event "2nd 4NCL Spring Bank Holiday Congress"]
[Site "Basingstoke"]
[Date "2019.05.27"]
[Round "7.1"]
[White "Cast, Julian"]
[Black "Fegan, Chris"]
[Result "0-1"]
[WhiteElo "1883"]
[BlackElo "2038"]
[PlyCount "48"]
[EventDate "2019.05.24"]

1. e4 c5 2. Nf3 d6 3. c3 Nf6 4. h3 Nc6 5. Bd3 g6 6. Bc2 Bg7 7. O-O O-O 8. d3 e5
9. Be3 Nh5 10. d4 cxd4 11. cxd4 exd4 12. Nxd4 Nxd4 13. Bxd4 Bxd4 14. Qxd4 Nf4
15. Kh2 Bxh3 16. gxh3 Qg5 17. Rg1 Qxg1+ 18. Kxg1 Ne2+ 19. Kg2 Nxd4 20. Bd3 Ne6
21. Kf3 f5 22. exf5 Nd4+ 23. Kg2 Nxf5 24. Nc3 Nh4+ 0-1

[Event "2nd 4NCL Spring Bank Holiday Congress"]
[Site "Basingstoke"]
[Date "2019.05.27"]
[Round "7.2"]
[White "Botlik, Bela"]
[Black "Duda, Lucas"]
[Result "1-0"]
[WhiteElo "2029"]
[BlackElo "1823"]
[PlyCount "119"]
[EventDate "2019.05.24"]

1. d4 Nf6 2. Nc3 d5 3. Bf4 c5 4. e3 e6 5. Nb5 Na6 6. Nf3 Be7 7. h3 O-O 8. Be2
Bd7 9. a4 Nb4 10. c3 Nc6 11. dxc5 Bxc5 12. b4 Be7 13. Nd6 Bc8 14. Nb5 a6 15.
Nc7 Ra7 16. b5 axb5 17. Nxb5 Ra8 18. O-O Ne4 19. Nd2 e5 20. Bh2 Bf5 21. Bf3 Nc5
22. Nb3 Bd3 23. Nxc5 Bxf1 24. Nxb7 Qb6 25. Kxf1 e4 26. N7d6 exf3 27. Qxd5 fxg2+
28. Kxg2 Rad8 29. c4 Bxd6 30. Bxd6 Ne7 31. Qc5 Qb7+ 32. Kg1 Rfe8 33. a5 Ng6 34.
Bg3 Qf3 35. Nd4 Qe4 36. a6 Nh4 37. Bxh4 Qxh4 38. Qf5 Rxd4 39. exd4 Qxd4 40. Rc1
g6 41. Qg4 Qb2 42. Rf1 Qa3 43. Qd7 Ra8 44. Re1 Rxa6 45. Re8+ Kg7 46. Qd4+ Rf6
47. Kg2 Qf3+ 48. Kg1 Qxh3 49. c5 g5 50. c6 g4 51. Re3 Qh5 52. Re5 Qg6 53. c7 g3
54. f4 Qb1+ 55. Kg2 Qc2+ 56. Kxg3 h6 57. Rc5 Qg6+ 58. Kf3 Kh7 59. c8=Q h5 60.
Qe4 1-0

[Event "2nd 4NCL Spring Bank Holiday Congress"]
[Site "Basingstoke"]
[Date "2019.05.27"]
[Round "7.3"]
[White "Brixel, Christof"]
[Black "Gardiner, Eric D"]
[Result "1/2-1/2"]
[WhiteElo "1781"]
[BlackElo "1959"]
[PlyCount "54"]
[EventDate "2019.05.24"]

1. d4 d6 2. Nc3 Nf6 3. e4 e5 4. dxe5 dxe5 5. Qxd8+ Kxd8 6. Bc4 Ke8 7. Nf3 Bd6
8. Bg5 Nbd7 9. O-O-O a6 10. Rhe1 h6 11. Bxf6 Nxf6 12. h3 b5 13. Bf1 Bb7 14. Nd5
Nxd5 15. exd5 f6 16. Nh4 Kf7 17. Bd3 Rhd8 18. Bg6+ Kf8 19. Be4 Rab8 20. Re2 Bc8
21. g4 g5 22. Nf5 Bxf5 23. Bxf5 Kg7 24. Rd3 Rh8 25. Rc3 Rb6 26. Rc6 Rxc6 27.
dxc6 Kf7 1/2-1/2

[Event "2nd 4NCL Spring Bank Holiday Congress"]
[Site "Basingstoke"]
[Date "2019.05.27"]
[Round "7.4"]
[White "Ireland, David J"]
[Black "Xu, Edison"]
[Result "1-0"]
[WhiteElo "1948"]
[BlackElo "1764"]
[PlyCount "103"]
[EventDate "2019.05.24"]

1. e4 c5 2. Nc3 Nc6 3. f4 e6 4. Nf3 d5 5. Bb5 Nf6 6. d3 Be7 7. O-O O-O 8. Bxc6
bxc6 9. b3 Ba6 10. Re1 c4 11. dxc4 Bc5+ 12. Be3 Bxe3+ 13. Rxe3 Qb6 14. Nd4 c5
15. Ndb5 Bxb5 16. Nxb5 d4 17. Re1 a6 18. e5 Ne4 19. Rxe4 axb5 20. cxb5 Ra3 21.
c4 dxc3 22. Rc4 Qxb5 23. Rxc3 Rfa8 24. Qd6 c4 25. Rxc4 Rxb3 26. Rac1 Rb1 27.
Qc6 Rxc1+ 28. Rxc1 Qxc6 29. Rxc6 g6 30. Rc2 Kg7 31. Kf2 Ra3 32. Ke2 h6 33. Kd2
g5 34. fxg5 hxg5 35. Kd1 Rd3+ 36. Rd2 Ra3 37. Re2 Rd3+ 38. Rd2 Ra3 39. Re2 Kg6
40. Kc1 Kf5 41. Kb2 Ra5 42. h3 Rxe5 43. Rxe5+ Kxe5 44. a4 Kd4 45. a5 Kc5 46. g3
f5 47. Kc3 Kb5 48. Kd3 e5 49. h4 f4 50. hxg5 f3 51. g6 e4+ 52. Ke3 1-0

[Event "2nd 4NCL Spring Bank Holiday Congress"]
[Site "Basingstoke"]
[Date "2019.05.27"]
[Round "7.5"]
[White "Stock, Tobias W"]
[Black "Pink, Joshua"]
[Result "1-0"]
[WhiteElo "1999"]
[BlackElo "1928"]
[PlyCount "53"]
[EventDate "2019.05.24"]

1. d4 Nf6 2. c4 c5 3. d5 e6 4. Nc3 exd5 5. cxd5 d6 6. e4 g6 7. f3 Bg7 8. Bg5 h6
9. Be3 O-O 10. Bd3 Re8 11. Nge2 Na6 12. Qd2 Kh7 13. Rc1 Nc7 14. O-O Rb8 15. Kh1
b5 16. b3 Qe7 17. Nd1 a6 18. b4 Ncxd5 19. exd5 Nxd5 20. Bxg6+ fxg6 21. Qxd5
cxb4 22. Nd4 Bb7 23. Qb3 Qh4 24. Rc7 d5 25. Qxb4 Kh8 26. Rxg7 Kxg7 27. Nf5+ 1-0

[Event "2nd 4NCL Spring Bank Holiday Congress"]
[Site "Basingstoke"]
[Date "2019.05.27"]
[Round "7.6"]
[White "Pafura, P Godfrey"]
[Black "Krueger, Norbert"]
[Result "1/2-1/2"]
[WhiteElo "1968"]
[BlackElo "1983"]
[PlyCount "87"]
[EventDate "2019.05.24"]

1. d4 d5 2. Nf3 Nf6 3. c4 e6 4. Nc3 Nbd7 5. e3 Be7 6. Bd3 b6 7. Ne5 Bb7 8. Nxd7
Qxd7 9. cxd5 Nxd5 10. e4 Nxc3 11. bxc3 O-O 12. O-O c5 13. Be3 Rac8 14. Qe2 Rfd8
15. Rad1 cxd4 16. cxd4 f5 17. d5 fxe4 18. Bxe4 Bxd5 19. Qh5 Bxe4 20. Rxd7 Rxd7
21. f3 Bd5 22. Rd1 Bf6 23. a4 Rdc7 24. h4 Rc4 25. g3 Rxa4 26. Kg2 Rac4 27. Bf4
Rc3 28. Rf1 a5 29. g4 g6 30. Qh6 R3c5 31. Kg3 Bc4 32. Bd6 Bxf1 33. Bxc5 Rxc5
34. Qd2 Bb5 35. g5 Be5+ 36. Kg2 Rd5 37. Qe3 Rc5 38. f4 Bg7 39. Qxe6+ Kh8 40.
Qxb6 Bc6+ 41. Kf1 Bb5+ 42. Kg2 Bc6+ 43. Kf1 Bb5+ 44. Kg2 1/2-1/2

[Event "2nd 4NCL Spring Bank Holiday Congress"]
[Site "Basingstoke"]
[Date "2019.05.27"]
[Round "7.7"]
[White "Shepley, Julien M"]
[Black "Nwachukwu, Chino"]
[Result "1/2-1/2"]
[WhiteElo "1947"]
[BlackElo "1865"]
[PlyCount "86"]
[EventDate "2019.05.24"]

1. e4 c5 2. Nf3 d6 3. Bb5+ Nd7 4. O-O e6 5. Re1 Be7 6. c4 Ngf6 7. Nc3 O-O 8.
Bxd7 Nxd7 9. d4 cxd4 10. Qxd4 Nc5 11. b4 Na6 12. a3 b6 13. Bb2 Bf6 14. e5 dxe5
15. Qe4 Rb8 16. Rad1 Qe7 17. Nxe5 Bb7 18. Qe2 Rbd8 19. Ng4 Bxc3 20. Bxc3 Qg5
21. Ne3 Nb8 22. f4 Qxf4 23. Rxd8 Rxd8 24. Nd5 Bxd5 25. cxd5 Rxd5 26. Be5 Rxe5
27. Qxe5 Qxe5 28. Rxe5 Kf8 29. Rh5 h6 30. Rh3 Ke7 31. Rg3 g6 32. Rh3 h5 33. Rc3
Kd7 34. b5 a5 35. h4 e5 36. Kf2 Ke6 37. Rc8 Nd7 38. Rc6+ Kd5 39. Ke3 e4 40. Ke2
f6 41. g3 Ke5 42. Ke3 Kd5 43. Ke2 Ke5 1/2-1/2

[Event "2nd 4NCL Spring Bank Holiday Congress"]
[Site "Basingstoke"]
[Date "2019.05.27"]
[Round "7.8"]
[White "Cooper, Malcolm H"]
[Black "Ratnesan, Radha"]
[Result "1-0"]
[WhiteElo "1925"]
[BlackElo "1512"]
[PlyCount "103"]
[EventDate "2019.05.24"]

1. d4 Nf6 2. c4 e6 3. Nf3 b6 4. g3 Bb7 5. Bg2 Be7 6. O-O O-O 7. Nc3 d5 8. b3
Nbd7 9. Bb2 Rc8 10. Ne5 Nxe5 11. dxe5 Nd7 12. cxd5 exd5 13. Nxd5 c6 14. Nxe7+
Qxe7 15. Qd6 Rfe8 16. Qxe7 Rxe7 17. f4 Ba6 18. Rfe1 Nc5 19. Rad1 Rd7 20. Rxd7
Nxd7 21. Bh3 Rc7 22. Rd1 Bc8 23. e6 fxe6 24. Bxe6+ Kf8 25. e4 g6 26. e5 Ke7 27.
Bh3 c5 28. Kf2 Nf8 29. Bxc8 Rxc8 30. Ke3 Ne6 31. Rd2 Rd8 32. Rxd8 Nxd8 33. g4
Nf7 34. Ke4 Nh6 35. h3 Ke6 36. Bc1 a6 37. Be3 a5 38. a3 Ng8 39. f5+ gxf5+ 40.
gxf5+ Ke7 41. Bg5+ Kd7 42. Kd5 h6 43. Bh4 Ke8 44. Ke6 Kf8 45. f6 h5 46. Bg5 a4
47. bxa4 c4 48. f7 c3 49. fxg8=Q+ Kxg8 50. Kd7 c2 51. e6 h4 52. e7 1-0

[Event "2nd 4NCL Spring Bank Holiday Congress"]
[Site "Basingstoke"]
[Date "2019.05.27"]
[Round "7.9"]
[White "Stephenson, David W"]
[Black "Hymer, Barry J"]
[Result "0-1"]
[WhiteElo "1805"]
[BlackElo "1884"]
[PlyCount "60"]
[EventDate "2019.05.24"]

1. e4 d6 2. d4 g6 3. Nc3 Bg7 4. g3 c5 5. Nge2 Bg4 6. Be3 Bf3 7. Rg1 Qa5 8. Qd2
Nc6 9. dxc5 dxc5 10. Bg2 Bxg2 11. Rxg2 Rd8 12. Nd5 Nb4 13. c3 Nxd5 14. exd5 Nf6
15. c4 Qxd2+ 16. Kxd2 e6 17. Kc2 exd5 18. Bxc5 Rc8 19. Bxa7 Rxc4+ 20. Kd3 Nd7
21. f4 b6 22. Re1 O-O 23. Nc3 Bxc3 24. bxc3 Rc7 25. Bxb6 Nxb6 26. Re5 Rfc8 27.
Rc2 Kg7 28. g4 f6 29. Re6 Na4 30. g5 Nc5+ 0-1

[Event "2nd 4NCL Spring Bank Holiday Congress"]
[Site "Basingstoke"]
[Date "2019.05.27"]
[Round "7.10"]
[White "Buanne, Luca"]
[Black "Angheluta, Ovidiu"]
[Result "1/2-1/2"]
[WhiteElo "1536"]
[BlackElo "1891"]
[PlyCount "115"]
[EventDate "2019.05.24"]

1. e4 d5 2. exd5 Qxd5 3. Nc3 Qa5 4. Bc4 Nf6 5. d3 Nc6 6. Bd2 Bg4 7. Nf3 Qh5 8.
Bb5 Nd7 9. Bxc6 bxc6 10. Bf4 O-O-O 11. Qe2 e5 12. Be3 Kb7 13. O-O-O f5 14. h3
Bxf3 15. gxf3 c5 16. a4 Bd6 17. a5 Ka8 18. Nb5 Rb8 19. Na3 Rb4 20. Nc4 Rhb8 21.
Bd2 R4b5 22. Rhg1 Qf7 23. Bc3 g6 24. f4 e4 25. Nxd6 cxd6 26. dxe4 Qa2 27. exf5
Rxb2 28. Bxb2 Qxb2+ 29. Kd2 Qb4+ 30. c3 Qxf4+ 31. Ke1 Ne5 32. Rg3 c4 33. Rxd6
Qxf5 34. Kf1 Rf8 35. Rd5 Qb1+ 36. Kg2 Nd3 37. Rdxd3 cxd3 38. Qe4+ Qb7 39. Qxb7+
Kxb7 40. Rxd3 Kc6 41. Re3 Rf5 42. Re7 Rxa5 43. Rxh7 Rg5+ 44. Kf3 a5 45. Kf4 Rh5
46. Rg7 Rxh3 47. Rxg6+ Kb5 48. Rg5+ Kb6 49. f3 a4 50. Ke5 Rxf3 51. Kd4 Rf4+ 52.
Kd3 Rf2 53. Kc4 Rb2 54. Rg6+ Ka5 55. Rg5+ Ka6 56. Rg6+ Kb7 57. Rg7+ Kb6 58.
Rg6+ 1/2-1/2

[Event "2nd 4NCL Spring Bank Holiday Congress"]
[Site "Basingstoke"]
[Date "2019.05.27"]
[Round "7.12"]
[White "Nandi, Robin J"]
[Black "Kolani, Arjun"]
[Result "1-0"]
[WhiteElo "1934"]
[BlackElo "1671"]
[PlyCount "75"]
[EventDate "2019.05.24"]

1. e4 e5 2. Nf3 Nc6 3. Bb5 a6 4. Ba4 Nf6 5. O-O b5 6. Bb3 Bc5 7. c3 d6 8. d4
Bb6 9. h3 h6 10. Be3 O-O 11. Nbd2 Bb7 12. Re1 Re8 13. Bc2 exd4 14. cxd4 Nb4 15.
Bb1 Nxe4 16. Bxh6 d5 17. Be3 Qf6 18. a3 Nc6 19. Nb3 Bc8 20. Bd3 Bf5 21. Rc1 Na5
22. Nxa5 Bxa5 23. Rf1 Re6 24. Ne5 Rae8 25. Qf3 Nd6 26. Bxf5 Qxf5 27. Qxd5 Nc4
28. Rxc4 bxc4 29. Qxa5 Qc2 30. Qxc7 R8e7 31. Qb8+ Kh7 32. Qb4 Rc7 33. Rc1 Qe4
34. Rxc4 Rb7 35. Qc3 f6 36. Nd3 Reb6 37. d5 Rb3 38. Rxe4 1-0

[Event "2nd 4NCL Spring Bank Holiday Congress"]
[Site "Basingstoke"]
[Date "2019.05.27"]
[Round "7.13"]
[White "Mcdonnell, James J"]
[Black "Wilson, Matthew R"]
[Result "1/2-1/2"]
[WhiteElo "1815"]
[BlackElo "1843"]
[PlyCount "119"]
[EventDate "2019.05.24"]

1. e4 e5 2. Nf3 Nf6 3. d4 Nxe4 4. Bd3 d5 5. Nxe5 Nd7 6. Nf3 Bd6 7. O-O O-O 8.
Re1 Re8 9. c4 c6 10. Nc3 Ndf6 11. c5 Bb8 12. h3 Bf5 13. Ne2 a5 14. Bf4 Bxf4 15.
Nxf4 Qc7 16. Ne2 Bg6 17. Ne5 Nxc5 18. Bxg6 hxg6 19. Nxg6 Ne6 20. Nh4 a4 21. Nf3
a3 22. b3 Nf4 23. Qd2 Nxe2+ 24. Rxe2 Rxe2 25. Qxe2 Ne4 26. Qd3 Qf4 27. Re1 g6
28. Qe3 Qxe3 29. Rxe3 f6 30. Kf1 Kf7 31. b4 Ra4 32. Ne1 Nd6 33. Nc2 Nb5 34. Ke2
g5 35. Kd2 Kg6 36. Ke2 Ra6 37. Kf1 Ra8 38. f3 Kf7 39. Kf2 Kg6 40. Kg3 Kf5 41.
Kf2 Kg6 42. g4 Kf7 43. Kg3 Kg6 44. h4 gxh4+ 45. Kxh4 Rh8+ 46. Kg3 Ra8 47. Kf4
Ra4 48. Kg3 Ra8 49. f4 Kf7 50. Kg2 Re8 51. Kf3 Rxe3+ 52. Kxe3 Nc3 53. Nxa3 Nxa2
54. b5 Nc3 55. bxc6 bxc6 56. Nc2 Ke6 57. Nb4 Kd6 58. g5 fxg5 59. fxg5 Ne4 60.
Kf4 1/2-1/2

[Event "2nd 4NCL Spring Bank Holiday Congress"]
[Site "Basingstoke"]
[Date "2019.05.27"]
[Round "7.14"]
[White "Davis, Timothy J"]
[Black "Zheng, Harry Z"]
[Result "1-0"]
[WhiteElo "1822"]
[BlackElo "1556"]
[PlyCount "151"]
[EventDate "2019.05.24"]

1. e4 e5 2. Nf3 Nc6 3. Bb5 a6 4. Ba4 Nf6 5. O-O Be7 6. Re1 b5 7. Bb3 d6 8. c3
O-O 9. h3 Na5 10. Bc2 c5 11. d4 Qc7 12. Nbd2 cxd4 13. cxd4 Nc6 14. a4 bxa4 15.
Rxa4 Bd7 16. Ra1 Rfc8 17. Ba4 Nb4 18. Bxd7 Nxd7 19. Rf1 a5 20. dxe5 dxe5 21. b3
Nc5 22. Ba3 Rd8 23. Bxb4 axb4 24. Rxa8 Rxa8 25. Nc4 Nxe4 26. Qd5 Qd8 27. Qxe4
f6 28. Ne3 Kh8 29. Rd1 Qb8 30. Nd5 Bc5 31. Nc7 Ra2 32. Ne6 Bxf2+ 33. Kh1 Bb6
34. Qxb4 Ra8 35. Qe7 Qg8 36. Rd7 Re8 37. Qxg7+ Qxg7 38. Nxg7 Rg8 39. Nf5 e4 40.
N3d4 Re8 41. Kg1 e3 42. Kf1 Ba5 43. Re7 Rc8 44. Ke2 h5 45. Kxe3 Rc3+ 46. Ke4
Rc1 47. Kd5 Bb4 48. Re8+ Kh7 49. Rb8 Rc5+ 50. Ke6 Bc3 51. b4 Rc4 52. Kd5 Rxb4
53. Rxb4 Bxb4 54. Ke6 Kg6 55. Nf3 Ba3 56. Ne7+ Kg7 57. Nd5 Bb2 58. Nd2 Kg6 59.
Ne4 Bd4 60. Ndxf6 h4 61. Nd5 Ba7 62. Ne7+ Kh5 63. Kf5 Be3 64. Nf6+ Kh6 65. Ng4+
Kh5 66. Nxe3 Kh6 67. Kg4 Kh7 68. Kxh4 Kh6 69. g4 Kh7 70. Kg5 Kh8 71. Kf6 Kh7
72. N3f5 Kh8 73. g5 Kh7 74. g6+ Kh8 75. g7+ Kh7 76. g8=Q# 1-0

[Event "2nd 4NCL Spring Bank Holiday Congress"]
[Site "Basingstoke"]
[Date "2019.05.27"]
[Round "7.15"]
[White "Usharovsky, Ron"]
[Black "Hammond, Benjamin"]
[Result "1-0"]
[WhiteElo "1671"]
[BlackElo "1575"]
[PlyCount "95"]
[EventDate "2019.05.24"]

1. e4 e5 2. Nf3 Nc6 3. Nc3 Nf6 4. Be2 Bc5 5. Nxe5 Nxe5 6. d4 Bb4 7. dxe5 Nxe4
8. Qd4 Nxc3 9. Qxb4 Nxe2 10. Kxe2 b6 11. Re1 Bb7 12. Kf1 c5 13. Qg4 Qc7 14. Bg5
Qc6 15. Rad1 Qe6 16. Qg3 h6 17. Bf6 gxf6 18. exf6 Ba6+ 19. Kg1 Be2 20. Rd6 Qe4
21. Rd2 O-O-O 22. Rdxe2 Qc6 23. Qf4 Rhg8 24. g3 Rg6 25. Re8 Rxe8 26. Rxe8+ Kb7
27. Rb8+ Ka6 28. Qc4+ Ka5 29. Qc3+ Kb5 30. Qd3+ c4 31. Qxg6 fxg6 32. f7 c3 33.
bxc3 Qxc3 34. f8=Q Qxc2 35. Re8 Qc3 36. Qe7 Qc1+ 37. Qe1 Qa3 38. Qe2+ Kc6 39.
Qc4+ Qc5 40. Rc8+ Kd6 41. Rxc5 bxc5 42. Qd3+ Kc6 43. Qxg6+ d6 44. f4 c4 45. f5
Kc5 46. f6 d5 47. f7 d4 48. f8=Q+ 1-0

[Event "2nd 4NCL Spring Bank Holiday Congress"]
[Site "Basingstoke"]
[Date "2019.05.27"]
[Round "7.16"]
[White "Nelson, Omowale A"]
[Black "Hirst, Joe"]
[Result "1-0"]
[WhiteElo "1989"]
[BlackElo "1564"]
[PlyCount "59"]
[EventDate "2019.05.24"]

1. d4 Nf6 2. c4 g6 3. Nc3 Bg7 4. e4 d6 5. Nf3 O-O 6. h3 e5 7. d5 a5 8. Be3 Na6
9. g4 Nc5 10. Nd2 Bd7 11. Qc2 Ne8 12. O-O-O f5 13. gxf5 gxf5 14. f3 f4 15. Bf2
Kh8 16. h4 h5 17. Bh3 Bxh3 18. Rxh3 Qd7 19. Rhh1 c6 20. Kb1 Nc7 21. Nb3 Nxb3
22. Qxb3 Rfb8 23. c5 Bf8 24. Na4 Qf7 25. Nb6 Ra6 26. dxc6 Qxb3 27. axb3 dxc5
28. Nd7 Re8 29. cxb7 Ne6 30. b8=Q 1-0

[Event "2nd 4NCL Spring Bank Holiday Congress"]
[Site "Basingstoke"]
[Date "2019.05.27"]
[Round "7.17"]
[White "Mellor, Jessica"]
[Black "Neatherway, A Philip"]
[Result "1-0"]
[WhiteElo "1597"]
[BlackElo "1813"]
[PlyCount "71"]
[EventDate "2019.05.24"]

1. e4 e6 2. d4 d5 3. e5 c5 4. c3 Nc6 5. Nf3 Qb6 6. a3 c4 7. Nbd2 Na5 8. Be2 Ne7
9. O-O Nec6 10. Qe1 Be7 11. Bd1 Bd7 12. Bc2 O-O-O 13. Rb1 Nb3 14. Nxb3 cxb3 15.
Bd3 h6 16. Qe2 g5 17. Be3 f6 18. c4 g4 19. Nd2 fxe5 20. cxd5 exd5 21. dxe5 d4
22. Bf4 Rdg8 23. Bg3 Be6 24. Bc4 Na5 25. Rfc1 Kb8 26. Bxe6 Qxe6 27. Qb5 b6 28.
Nc4 Bg5 29. Nxa5 Bxc1 30. Rxc1 Rc8 31. Rc6 Rxc6 32. Nxc6+ Ka8 33. Nxd4 Qg6 34.
Qd5+ Kb8 35. e6+ Kc8 36. Qd7# 1-0

[Event "2nd 4NCL Spring Bank Holiday Congress"]
[Site "Basingstoke"]
[Date "2019.05.27"]
[Round "7.18"]
[White "Aubury, Ben"]
[Black "Zheng, Jerry Z"]
[Result "1-0"]
[WhiteElo "1659"]
[BlackElo "1520"]
[PlyCount "75"]
[EventDate "2019.05.24"]

1. d4 Nf6 2. c4 e6 3. g3 b6 4. Bg2 c6 5. Nf3 Ba6 6. Qc2 Be7 7. O-O O-O 8. b3 d5
9. Ne5 Nfd7 10. Nd2 Bd6 11. Bb2 Qc7 12. Nef3 Nf6 13. e4 dxe4 14. Nxe4 Be7 15.
Ne5 Bb7 16. Nxf6+ Bxf6 17. Ng4 Be7 18. Qc3 f6 19. Rfe1 Qd7 20. Bh3 f5 21. d5
Bf6 22. Nxf6+ Rxf6 23. dxe6 Qe7 24. Rad1 c5 25. Qe3 Rf8 26. Qf4 Be4 27. f3 Bc6
28. Be5 Re8 29. Bd6 Qb7 30. Rd3 Na6 31. a3 g6 32. Qe3 Nc7 33. Bxf5 Na6 34. e7
Nc7 35. Be6+ Nxe6 36. Qxe6+ Kg7 37. Be5+ Kh6 38. Qh3+ 1-0

[Event "2nd 4NCL Spring Bank Holiday Congress"]
[Site "Basingstoke"]
[Date "2019.05.27"]
[Round "7.19"]
[White "Redmond, Michael F"]
[Black "Chantrell, Paul"]
[Result "1-0"]
[WhiteElo "1686"]
[BlackElo "1620"]
[PlyCount "131"]
[EventDate "2019.05.24"]

1. d4 d5 2. Bf4 Bf5 3. e3 e6 4. Nf3 Nf6 5. Nbd2 h6 6. h3 Bd6 7. Ne5 c6 8. Bd3
Bh7 9. Bxh7 Rxh7 10. c3 g5 11. Bh2 Ng8 12. Qc2 f5 13. O-O-O Na6 14. g4 Qf6 15.
Kb1 O-O-O 16. f4 Bxe5 17. fxg5 Qxg5 18. Bxe5 Rf7 19. Bf4 Qg7 20. Rhg1 Qh7 21.
gxf5 Rxf5 22. Be5 Rd7 23. e4 Rf2 24. exd5 Qf7 25. dxc6 bxc6 26. Qe4 Kb7 27. Qg6
Qxg6+ 28. Rxg6 Ne7 29. Rxe6 Nd5 30. Ne4 Rg2 31. Nd6+ Kb6 32. Re1 Nac7 33. Rxh6
Nb5 34. Nc4+ Kb7 35. Na5+ Kb6 36. Nxc6 Nbxc3+ 37. Ka1 Kb5 38. Bf4 Na4 39. Bc1
Nab6 40. Ne5 Rc7 41. Nd3 Rcc2 42. Rh5 Kc4 43. Rd1 Rh2 44. Rh8 a5 45. Rh6 Kb5
46. Rh5 a4 47. a3 Kc4 48. Ne5+ Kb5 49. Nd3 Kc4 50. Ne5+ Kb5 51. Ng4 Rhe2 52.
Ne3 Rxc1+ 53. Rxc1 Rxe3 54. Rc5+ Ka6 55. Rcxd5 Nxd5 56. Rxd5 Rxh3 57. Rc5 Rd3
58. Rc4 Kb5 59. Rb4+ Ka5 60. Kb1 Rd2 61. Kc1 Rh2 62. d5 Rg2 63. Rd4 Kb5 64. d6
Rg1+ 65. Kc2 Kc5 66. d7 1-0

[Event "2nd 4NCL Spring Bank Holiday Congress"]
[Site "Basingstoke"]
[Date "2019.05.27"]
[Round "7.20"]
[White "Cordova Lopez, Diego Anton"]
[Black "Turner, Sam"]
[Result "1/2-1/2"]
[WhiteElo "1478"]
[BlackElo "1652"]
[PlyCount "46"]
[EventDate "2019.05.24"]

1. e4 c5 2. Nf3 g6 3. c3 Bg7 4. d4 cxd4 5. cxd4 d5 6. e5 Nh6 7. Nc3 Bg4 8. h3
Bxf3 9. Qxf3 Nc6 10. Be3 Nf5 11. Rd1 e6 12. g4 Nh4 13. Qg3 a6 14. f4 h6 15. Bd3
g5 16. f5 f6 17. exf6 Bxf6 18. fxe6 Bxd4 19. Bxd4 Nxd4 20. Bg6+ Nxg6 21. Rxd4
Nf4 22. Nxd5 Nxd5 23. Qe5 Qf6 1/2-1/2

[Event "2nd 4NCL Spring Bank Holiday Congress"]
[Site "Basingstoke"]
[Date "2019.05.27"]
[Round "7.21"]
[White "Zakarian, Dimitrios Levon"]
[Black "Shenbagakumar, Gautham"]
[Result "0-1"]
[WhiteElo "1594"]
[BlackElo "1539"]
[PlyCount "72"]
[EventDate "2019.05.24"]

1. d4 d5 2. Nf3 Nf6 3. c4 dxc4 4. e3 e6 5. Bxc4 c5 6. O-O Be7 7. Qc2 O-O 8. Rd1
Qc7 9. Bd3 Nbd7 10. e4 h6 11. Nbd2 b6 12. a3 Bb7 13. e5 Nd5 14. Ne4 Rac8 15.
Bd2 Qb8 16. Qa4 cxd4 17. Qxd4 Rfd8 18. Bc4 Nf8 19. Bxd5 Rxd5 20. Qe3 Rcd8 21.
Nc3 Rd3 22. Qe2 Bxf3 23. gxf3 Ng6 24. f4 Nh4 25. Be3 Qb7 26. f3 Nxf3+ 27. Kf1
Nxh2+ 28. Kg1 Nf3+ 29. Kf1 Nd2+ 30. Kg1 Rxe3 31. Qxe3 Bc5 32. Qxc5 bxc5 33. Na4
Qb3 34. Nc3 Qxb2 35. Ne2 c4 36. Rdc1 Nb3 0-1

[Event "2nd 4NCL Spring Bank Holiday Congress"]
[Site "Basingstoke"]
[Date "2019.05.27"]
[Round "7.22"]
[White "Carter, Rebecca"]
[Black "Pal, Rohan"]
[Result "1/2-1/2"]
[WhiteElo "1598"]
[BlackElo "1430"]
[PlyCount "84"]
[EventDate "2019.05.24"]

1. c4 e5 2. Nc3 Nf6 3. Nf3 Nc6 4. g3 Bc5 5. Nxe5 Nxe5 6. d4 Bd6 7. dxe5 Bxe5 8.
Qc2 O-O 9. Bg2 Qe7 10. Bg5 h6 11. Bd2 Re8 12. e3 Rb8 13. O-O b6 14. a4 Bb7 15.
a5 Bxg2 16. Kxg2 Qe6 17. b3 Qc6+ 18. f3 Bxc3 19. Qxc3 Re6 20. e4 g5 21. Kg1 g4
22. e5 Qc5+ 23. Be3 Qxe5 24. Qxe5 Rxe5 25. Bxh6 Rxa5 26. fxg4 Nxg4 27. Bf4 d6
28. b4 Rxa1 29. Rxa1 Rb7 30. b5 Ne5 31. Rc1 Rb8 32. Bxe5 dxe5 33. Ra1 Ra8 34.
Kf2 Kf8 35. Ke3 Ke7 36. Ke4 Ke6 37. g4 Rd8 38. Rc1 Rd4+ 39. Kf3 Kf6 40. h4 Rd3+
41. Kg2 Rd2+ 42. Kg3 Rd3+ 1/2-1/2

[Event "2nd 4NCL Spring Bank Holiday Congress"]
[Site "Basingstoke"]
[Date "2019.05.27"]
[Round "6.1"]
[White "Fegan, Chris"]
[Black "Botlik, Bela"]
[Result "1/2-1/2"]
[WhiteElo "2038"]
[BlackElo "2029"]
[PlyCount "39"]
[EventDate "2019.05.24"]

1. d4 Nf6 2. Nd2 c5 3. dxc5 e6 4. Nb3 Na6 5. Qd4 b6 6. cxb6 Nb4 7. Qd1 axb6 8.
a3 Nc6 9. Nf3 Bb7 10. g3 Ne5 11. Bg2 Ra4 12. O-O Qa8 13. Bg5 d6 14. Nbd4 Ra5
15. b4 Nxf3+ 16. Nxf3 Rxg5 17. Nxg5 Bxg2 18. Re1 h6 19. f3 hxg5 20. Kxg2
1/2-1/2

[Event "2nd 4NCL Spring Bank Holiday Congress"]
[Site "Basingstoke"]
[Date "2019.05.27"]
[Round "6.2"]
[White "Ireland, David J"]
[Black "Stock, Tobias W"]
[Result "1-0"]
[WhiteElo "1948"]
[BlackElo "1999"]
[PlyCount "143"]
[EventDate "2019.05.24"]

1. e4 c5 2. Nc3 Nc6 3. f4 e6 4. Nf3 d5 5. Bb5 Nge7 6. Qe2 d4 7. Nb1 a6 8. Bxc6+
Nxc6 9. d3 b5 10. O-O Be7 11. a4 Bb7 12. Ng5 Bxg5 13. fxg5 e5 14. Qh5 Qe7 15.
axb5 axb5 16. Rxa8+ Bxa8 17. Na3 Na7 18. Bd2 Bc6 19. Be1 O-O 20. Nb1 Be8 21.
Bh4 Qe6 22. Qf3 Bd7 23. Nd2 Nc6 24. Qf5 Qd6 25. Qf2 Nb4 26. Nf3 c4 27. Qd2 Nc6
28. Ra1 Bg4 29. Ra6 Qc7 30. Bg3 Qb7 31. Ra1 Re8 32. h3 Bd7 33. Qe1 f6 34. gxf6
gxf6 35. Nh4 Ra8 36. Rb1 Be6 37. Qf2 Qg7 38. Kh2 cxd3 39. cxd3 Nb4 40. Rd1 Qg5
41. Nf3 Qg7 42. Nh4 Rc8 43. Nf5 Bxf5 44. Qxf5 Rc2 45. Ra1 Rc7 46. Bh4 Rf7 47.
Ra8+ Rf8 48. Bxf6 Qf7 49. Qg5+ Qg6 50. Rxf8+ Kxf8 51. Qxe5 Nxd3 52. Qe7+ Kg8
53. Qe6+ Kf8 54. Qe7+ Kg8 55. Bxd4 Ne1 56. Qd8+ Kf7 57. Qd7+ Kf8 58. Qf5+ Ke7
59. Qxg6 hxg6 60. h4 Nc2 61. Bc3 Ne3 62. Kg3 Nc4 63. Kf4 Ke6 64. Kg5 Kf7 65. g4
Nd6 66. Kf4 Ke6 67. h5 gxh5 68. gxh5 Nf7 69. Ke3 Nh6 70. Bg7 Nf7 71. h6 Ng5 72.
Kd4 1-0

[Event "2nd 4NCL Spring Bank Holiday Congress"]
[Site "Basingstoke"]
[Date "2019.05.27"]
[Round "6.3"]
[White "Gardiner, Eric D"]
[Black "Stephenson, David W"]
[Result "1-0"]
[WhiteElo "1959"]
[BlackElo "1805"]
[PlyCount "101"]
[EventDate "2019.05.24"]

1. e4 e6 2. d4 d5 3. e5 c5 4. c3 Nc6 5. Nf3 Bd7 6. Be2 f6 7. O-O fxe5 8. Nxe5
Nxe5 9. dxe5 Qc7 10. c4 Qxe5 11. cxd5 Bd6 12. f4 Qxd5 13. Nc3 Qd4+ 14. Kh1
O-O-O 15. Qc2 Bc6 16. Rd1 Qf6 17. Ne4 Qe7 18. Nxd6+ Rxd6 19. Be3 b6 20. b4
Rxd1+ 21. Rxd1 Qb7 22. bxc5 Bxg2+ 23. Kg1 Be4 24. Qa4 Bc6 25. Qa3 b5 26. Bg4
Nf6 27. Bxe6+ Kb8 28. Qa5 Qc7 29. Qxc7+ Kxc7 30. f5 Ne4 31. Bd4 Nf6 32. Be5+
Kb7 33. Bxf6 gxf6 34. Kf2 h5 35. Rg1 Rd8 36. Rg7+ Ka6 37. Rf7 Rd2+ 38. Ke3 Rxh2
39. Rxf6 Ka5 40. Bb3 Bg2 41. Rh6 h4 42. f6 Rh3+ 43. Kf2 Bb7 44. f7 Rf3+ 45. Ke2
h3 46. c6 Bxc6 47. Rxc6 Rf5 48. Rh6 Kb4 49. Rxh3 a5 50. Rf3 Rxf7 51. Bxf7 1-0

[Event "2nd 4NCL Spring Bank Holiday Congress"]
[Site "Basingstoke"]
[Date "2019.05.27"]
[Round "6.4"]
[White "Duda, Lucas"]
[Black "Shepley, Julien M"]
[Result "1-0"]
[WhiteElo "1823"]
[BlackElo "1947"]
[PlyCount "52"]
[EventDate "2019.05.24"]

1. e4 d6 2. d4 Nf6 3. Nc3 e5 4. Nf3 Nbd7 5. Bc4 Be7 6. O-O c6 7. a4 O-O 8. Re1
exd4 9. Qxd4 h6 10. Bf4 Nb6 11. Ba2 Bg4 12. a5 Bxf3 13. axb6 Bg4 14. bxa7 c5
15. Qd3 Nh5 16. Be3 Be6 17. Bd5 Qd7 18. Qb5 Qxb5 19. Nxb5 Bxd5 20. exd5 Rfc8
21. Bxh6 Bf8 22. Bg5 f6 23. Bd2 f5 24. Ba5 Nf6 25. c4 Ne4 26. f3 Nd2 1-0